Ravel
Saved in:
| Hovedforfatter: | |
|---|---|
| Format: | Bog |
| Sprog: | engelsk |
| Udgivet: |
Londres
J.M. Dent
1947
|
| Serier: | The Master Musicians
|
| Fag: | |
| Tags: |
Tilføj Tag
Ingen Tags, Vær først til at tagge denne postø!
|
MARC
| LEADER | 00000nam a2200000 a 4500 | ||
|---|---|---|---|
| 001 | UCN2176 | ||
| 003 | CL-VaPUC | ||
| 008 | 010511e19470000UK |||||||||||||||||eng|d | ||
| 082 | 0 | 4 | |a 780.92 |b DEM |2 21 |
| 100 | 0 | |a Demuth, Norman |e author |9 457862 | |
| 245 | 1 | 0 | |a Ravel |
| 300 | |a 214 p | ||
| 942 | |c BK | ||
| 945 | |d 20010511 00:00:00 |a crobeson | ||
| 260 | |a Londres |b J.M. Dent |c 1947 | ||
| 600 | 0 | 7 | |a RAVEL, MAURICE |2 CL-VaPUC |9 457863 |
| 650 | 0 | |a Compositores franceses |9 328980 | |
| 650 | 0 | |a Música, siglo 20 |9 324961 | |
| 583 | |a last modification |c 20010511 00:00:00 |k Rodrigo Vera | ||
| 490 | 0 | |a The Master Musicians | |
| 999 | |c 295334 |d 295332 | ||